=LDR 00000nam 2200000 4500 =001 INLIS000000000024397 =005 20130612123003 =008 ***********************************Eng** =035 ##$$0010-061300000024397 =041 ##$$a Eng =082 ##$$a 4X3 =090 ##$$a 4X3, Por e =100 ##$$a Pora, Yusran =245 ##$$a Enrich our vocaboulary though, Reading and idioms, Yusran Pora =260 ##$$a 2003 $b Yogyakarta =300 ##$$a 197 hlm, 21 cm =650 ##$$a Increase our vocaboulary =850 ##$$a NBPNMAT